[Event "Imperia op-A 61st"]
[Site "Imperia"]
[Date "2019.09.04"]
[Round "4.7"]
[White "Egartner, Wolfgang"]
[Black "Mira, Helene"]
[Result "1/2-1/2"]
[WhiteElo "2036"]
[BlackElo "2046"]
[PlyCount "108"]
[EventDate "2019.09.01"]
[EventType "swiss"]
[EventRounds "9"]
[EventCountry "ITA"]
[SourceTitle "EXT 2024"]
[Source "ChessBase"]
[SourceDate "2023.10.10"]
[SourceVersion "1"]
[SourceVersionDate "2023.10.10"]
[SourceQuality "1"]

1. d4 d6 2. Bf4 g6 3. Nc3 Bg7 4. Nf3 Nd7 5. e4 e5 6. dxe5 dxe5 7. Bg5 f6 8. Be3 Nh6 9. h3 Nf7 10. g4 Nd6 11. Qd2 Nb6 12. 0-0-0 Be6 13. Bh6 Qe7 14. Bxg7 Qxg7 15. b3 0-0-0 16. Qe3 Kb8 17. Be2 Qe7 18. Nd5 Bxd5 19. exd5 Nf7 20. c4 Qa3+ 21. Kb1 Rhe8 22. Ne1 f5 23. gxf5 gxf5 24. Nc2 Qe7 25. Bh5 f4 26. Qc3 Rf8 27. Rde1 Qc5 28. Bxf7 Rxf7 29. Qxe5 Qxf2 30. Rhf1 Qh4 31. Rf3 a6 32. Ref1 Nd7 33. Qe1 Qh5 34. Qe4 Rdf8 35. Rxf4 Rxf4 36. Rxf4 Rxf4 37. Qxf4 Qxh3 38. Nd4 Qd3+ 39. Kb2 h5 40. Nf5 Qe2+ 41. Ka3 Qg4 42. Qxg4 hxg4 43. Kb2 b5 44. Kc3 bxc4 45. bxc4 Nf6 46. Ng3 Kb7 47. Kb4 Nd7 48. c5 Nf6 49. Kc4 Kc8 50. Kd4 Kd8 51. c6 Ne8 52. Nf5 Kc8 53. Kc5 Nf6 54. Kd4 Ne8 1/2-1/2

[Event "Lienz op 17th"]
[Site "Lienz"]
[Date "2013.02.10"]
[Round "2"]
[White "Neubauer, Anton"]
[Black "Egartner, Wolfgang"]
[Result "0-1"]
[WhiteElo "1917"]
[BlackElo "2112"]
[PlyCount "156"]
[EventDate "2013.02.09"]
[EventType "swiss"]
[EventRounds "9"]
[EventCountry "AUT"]
[SourceTitle "CBM 152 Extra"]
[Source "ChessBase"]
[SourceDate "2013.02.25"]
[SourceVersion "1"]
[SourceVersionDate "2013.02.25"]
[SourceQuality "1"]

1. e4 c6 2. d4 d5 3. exd5 cxd5 4. Bd3 Nc6 5. c3 Qc7 6. Ne2 e6 7. Bf4 Bd6 8. Bxd6 Qxd6 9. h3 Nf6 10. 0-0 0-0 11. Ng3 e5 12. dxe5 Nxe5 13. Bc2 Rd8 14. Re1 Be6 15. Qe2 Ng6 16. Na3 a6 17. Bxg6 hxg6 18. Nc2 Re8 19. Qd2 Rad8 20. Nd4 Bc8 21. Rad1 b5 22. a3 Bb7 23. Nf3 Rxe1+ 24. Rxe1 Ne4 25. Nxe4 dxe4 26. Qxd6 Rxd6 27. Nd4 f5 28. Re2 Kf7 29. Rd2 Kf6 30. h4 Rd5 31. f4 exf3 32. Nxf3 Rxd2 33. Nxd2 g5 34. hxg5+ Kxg5 35. c4 bxc4 36. Nxc4 Bd5 37. Nb6 Bb3 38. Nd7 Kf4 39. Kf2 Bc4 40. b4 Ke4 41. a4 Kd4 42. g3 g5 43. Nb6 Be6 44. a5 Bc4 45. Nc8 Kc3 46. Nd6 Kxb4 47. Nxf5 Kxa5 48. Ke3 Kb4 49. Kd2 a5 50. Nd4 Bd5 51. Kc2 Kc4 52. Ne2 Be4+ 53. Kb2 Bf5 54. Nf4 Kd4 55. Nh5 Ke5 56. Kc3 Be6 57. Nf4 Bg4 58. Kd3 a4 59. Kc3 Ke4 60. Kb4 Kf3 61. Kxa4 Kxg3 62. Nd5 Be6 63. Nf6 Kf4 64. Kb4 Bf7 65. Kc3 Kf5 66. Nd7 Ke6 67. Nc5+ Kd5 68. Nd3 Ke4 69. Kd2 Bc4 70. Nf2+ Kf3 71. Ke1 Bb5 72. Nh3 g4 73. Ng5+ Kg2 74. Ne4 Kf3 75. Nd2+ Ke3 76. Nf1+ Bxf1 77. Kxf1 Kf3 78. Kg1 Kg3 0-1

[Event "Trieste op 14th"]
[Site "Trieste"]
[Date "2012.09.07"]
[Round "8"]
[White "Egartner, Wolfgang"]
[Black "Franca, Veronika"]
[Result "1/2-1/2"]
[WhiteElo "2132"]
[BlackElo "1952"]
[PlyCount "87"]
[EventDate "2012.09.01"]
[EventType "swiss"]
[EventRounds "9"]
[EventCountry "ITA"]
[SourceTitle "CBM 150 Extra"]
[Source "ChessBase"]
[SourceDate "2012.10.19"]
[SourceVersion "1"]
[SourceVersionDate "2012.10.19"]
[SourceQuality "1"]

1. d4 Nf6 2. Bg5 e6 3. e3 d5 4. Nd2 h6 5. Bxf6 Qxf6 6. f4 c5 7. c3 Nc6 8. Ngf3 Bd6 9. Bd3 0-0 10. 0-0 b6 11. Ne5 Nb8 12. g4 Qd8 13. Ndf3 Ba6 14. Bxa6 Nxa6 15. g5 Bxe5 16. Nxe5 g6 17. Qc2 Kg7 18. gxh6+ Kxh6 19. Kh1 Kg7 20. Rg1 Qe8 21. Rg3 Kf6 22. e4 Nc7 23. f5 gxf5 24. exf5 Ke7 25. Rg7 Kd8 26. f6 Nb5 27. dxc5 bxc5 28. Qa4 a5 29. c4 Nd4 30. Qxe8+ Kxe8 31. cxd5 exd5 32. Re1 Ne6 33. Nxf7 Rxf7 34. Rxe6+ Kf8 35. Rxf7+ Kxf7 36. Rd6 d4 37. Kg2 Rb8 38. b3 a4 39. Rc6 axb3 40. axb3 Rxb3 41. Rxc5 Kxf6 42. Rd5 d3 43. Kf3 d2+ 44. Ke2 1/2-1/2

[Event "Trieste op 14th"]
[Site "Trieste"]
[Date "2012.09.04"]
[Round "5"]
[White "Granaldi, Alessandro"]
[Black "Egartner, Wolfgang"]
[Result "1-0"]
[WhiteElo "2105"]
[BlackElo "2132"]
[PlyCount "123"]
[EventDate "2012.09.01"]
[EventType "swiss"]
[EventRounds "9"]
[EventCountry "ITA"]
[SourceTitle "CBM 150 Extra"]
[Source "ChessBase"]
[SourceDate "2012.10.19"]
[SourceVersion "1"]
[SourceVersionDate "2012.10.19"]
[SourceQuality "1"]

1. d4 d5 2. c4 c6 3. Nf3 Nf6 4. e3 Bg4 5. Qb3 Qb6 6. Nc3 Bxf3 7. gxf3 e6 8. e4 Qxb3 9. axb3 Bb4 10. Bd3 c5 11. 0-0 Bxc3 12. bxc3 dxc4 13. Bxc4 cxd4 14. Bb5+ Nc6 15. Ba3 dxc3 16. Rfc1 Kd7 17. Rxc3 Rhc8 18. Rd1+ Ke8 19. Rd6 Rab8 20. Kg2 h6 21. Ba4 b5 22. Rdxc6 Rxc6 23. Rxc6 bxa4 24. bxa4 Kd7 25. Ra6 Rb7 26. Bc5 Ne8 27. Rxa7 Rxa7 28. Bxa7 Kc6 29. Bd4 g6 30. Kg3 Nd6 31. Kf4 Nc4 32. Bg7 h5 33. Bc3 Nd6 34. Ke3 Ne8 35. Bb4 Kd7 36. Kd4 f6 37. Kc5 Kc7 38. Ba5+ Kd7 39. Bb6 Nd6 40. Ba7 Nb7+ 41. Kb6 Nd6 42. Kc5 Nb7+ 43. Kb4 Kc6 44. a5 f5 45. Bb8 Nc5 46. exf5 exf5 47. Kc4 g5 48. Kd4 g4 49. Ba7 Nb3+ 50. Ke5 Nxa5 51. f4 Nc4+ 52. Kxf5 Nd2 53. Kg6 h4 54. Kh5 Nf3 55. Kxg4 Nxh2+ 56. Kxh4 Kd7 57. Be3 Nf3+ 58. Kg4 Ne1 59. Kf5 Ke8 60. Ke6 Nf3 61. f5 Nh4 62. f6 1-0

[Event "Trieste op 14th"]
[Site "Trieste"]
[Date "2012.09.02"]
[Round "3"]
[White "Egartner, Wolfgang"]
[Black "David, Alberto"]
[Result "0-1"]
[WhiteElo "2132"]
[BlackElo "2599"]
[PlyCount "62"]
[EventDate "2012.09.01"]
[EventType "swiss"]
[EventRounds "9"]
[EventCountry "ITA"]
[SourceTitle "CBM 150 Extra"]
[Source "ChessBase"]
[SourceDate "2012.10.19"]
[SourceVersion "1"]
[SourceVersionDate "2012.10.19"]
[SourceQuality "1"]

1. d4 Nf6 2. Bg5 e6 3. e3 b6 4. Nf3 Bb7 5. Nbd2 h6 6. Bxf6 Qxf6 7. Bd3 d6 8. Qe2 a6 9. c3 Nd7 10. 0-0-0 g6 11. Ne1 c5 12. f4 Qd8 13. Rg1 b5 14. g4 Rg8 15. Nef3 Qc7 16. f5 g5 17. fxe6 fxe6 18. h4 c4 19. Bb1 b4 20. Nxc4 bxc3 21. Bd3 Bxf3 22. Qxf3 d5 23. Rdf1 0-0-0 24. Ne5 Nxe5 25. dxe5 Bc5 26. Bxa6+ Kb8 27. Rg2 Ka7 28. Qe2 cxb2+ 29. Kb1 Ba3 30. Rgg1 Rb8 31. Bb5 Rgc8 0-1

[Event "Trieste op 11th"]
[Site "Trieste"]
[Date "2009.09.04"]
[Round "7"]
[White "Egartner, Wolfgang"]
[Black "Laco, Giuseppe"]
[Result "1-0"]
[WhiteElo "2153"]
[BlackElo "2135"]
[PlyCount "109"]
[EventDate "2009.08.30"]
[EventType "swiss"]
[EventRounds "9"]
[EventCountry "ITA"]
[SourceTitle "CBM 132 Extra"]
[Source "ChessBase"]
[SourceDate "2009.11.03"]
[SourceVersion "1"]
[SourceVersionDate "2009.11.03"]
[SourceQuality "1"]

1. d4 f5 2. g3 Nf6 3. Bg2 e6 4. c4 d5 5. Nf3 c6 6. 0-0 Be7 7. b3 0-0 8. a4 a5 9. Ba3 Bxa3 10. Nxa3 Na6 11. Ne5 Ng4 12. Nxg4 fxg4 13. Qd2 b6 14. f4 Ra7 15. e3 Nc7 16. Rfd1 Ne8 17. b4 Nf6 18. b5 cxb5 19. Nxb5 Rd7 20. c5 Bb7 21. Rdc1 Bc6 22. Rab1 h5 23. Rb2 h4 24. gxh4 bxc5 25. Rxc5 Ba8 26. Qc2 Qe8 27. Nc7 Qf7 28. Nxa8 Rxa8 29. Rc8+ Rd8 30. Rxa8 Rxa8 31. Qc6 Re8 32. Bf1 Qh5 33. Qc7 Kh8 34. Qxa5 Qxh4 35. Bg2 Rc8 36. Qd2 g5 37. fxg5 Qxg5 38. a5 Ra8 39. Qe1 Kg7 40. Rb7+ Kg6 41. Rb3 Qf5 42. Bf1 Ne4 43. Bd3 Qf3 44. a6 Kg5 45. Qe2 Kh4 46. Qxf3 gxf3 47. Bxe4 dxe4 48. Ra3 Ra7 49. Ra5 Kg4 50. Re5 Rxa6 51. Rxe4+ Kh3 52. Kf2 Rb6 53. Kxf3 Kxh2 54. Kg4 Kg2 55. Re5 1-0

[Event "Trieste op 11th"]
[Site "Trieste"]
[Date "2009.08.31"]
[Round "3"]
[White "Judkovsky, Yair"]
[Black "Egartner, Wolfgang"]
[Result "1-0"]
[WhiteElo "2244"]
[BlackElo "2153"]
[PlyCount "129"]
[EventDate "2009.08.30"]
[EventType "swiss"]
[EventRounds "9"]
[EventCountry "ITA"]
[SourceTitle "CBM 132 Extra"]
[Source "ChessBase"]
[SourceDate "2009.11.03"]
[SourceVersion "1"]
[SourceVersionDate "2009.11.03"]
[SourceQuality "1"]

1. e4 c6 2. d4 d5 3. e5 c5 4. dxc5 Nc6 5. Nf3 Bg4 6. Bb5 e6 7. Be3 Qa5+ 8. Nc3 a6 9. Bxc6+ bxc6 10. a3 Bxf3 11. gxf3 Ne7 12. b4 Qc7 13. f4 Nf5 14. Ne2 h5 15. Nd4 Nxd4 16. Bxd4 g6 17. 0-0 Bh6 18. Qf3 0-0 19. Kh1 Qb7 20. Be3 Kh7 21. Qe2 a5 22. c3 axb4 23. cxb4 Ra4 24. Qd3 Rfa8 25. Rfb1 Qa6 26. Qxa6 R8xa6 27. Rb3 Ra8 28. Kg2 Bf8 29. Kf3 Be7 30. Bd4 Rb8 31. Ke3 g5 32. fxg5 Bxg5+ 33. f4 Be7 34. Rg1 Rba8 35. Bb2 Rg8 36. Rxg8 Kxg8 37. Kd2 h4 38. Rf3 Kg7 39. f5 exf5 40. Rxf5 Kg6 41. Rf3 Ra8 42. Kc2 Ra7 43. Bd4 Rb7 44. Kb3 Bd8 45. h3 Kg5 46. a4 Kg6 47. Ka3 Bg5 48. Bc3 Bc1+ 49. Kb3 Bg5 50. a5 Be7 51. Ka4 Bd8 52. Bd4 Bg5 53. a6 Rb8 54. Bc3 Bd8 55. Rf2 Bg5 56. Rf1 Bd8 57. Rg1+ Kf5 58. Rg8 Ke4 59. e6 fxe6 60. Bf6 Bc7 61. Rxb8 Bxb8 62. b5 cxb5+ 63. Kxb5 d4 64. c6 d3 65. Bc3 1-0

[Event "Trieste op 11th"]
[Site "Trieste"]
[Date "2009.08.30"]
[Round "1"]
[White "Lenic, Luka"]
[Black "Egartner, Wolfgang"]
[Result "1-0"]
[WhiteElo "2565"]
[BlackElo "2153"]
[PlyCount "63"]
[EventDate "2009.08.30"]
[EventType "swiss"]
[EventRounds "9"]
[EventCountry "ITA"]
[SourceTitle "CBM 132 Extra"]
[Source "ChessBase"]
[SourceDate "2009.11.03"]
[SourceVersion "1"]
[SourceVersionDate "2009.11.03"]
[SourceQuality "1"]

1. d4 d5 2. c4 c6 3. Nf3 Nf6 4. e3 a6 5. Qc2 e6 6. Nbd2 Nbd7 7. b3 c5 8. Bd3 dxc4 9. bxc4 Qc7 10. 0-0 h6 11. Bb2 cxd4 12. exd4 Be7 13. Rfe1 0-0 14. Rac1 b6 15. Qb3 Bb7 16. Bb1 Rfe8 17. Qc2 Nf8 18. Ne5 N6d7 19. Ndf3 Nxe5 20. Nxe5 Bd6 21. h3 Rac8 22. Qb3 Qd8 23. Re3 b5 24. cxb5 Rxc1+ 25. Bxc1 Bxe5 26. dxe5 axb5 27. Rg3 Kh8 28. Kh2 Qd5 29. Bxh6 g6 30. Qe3 Nd7 31. Qf4 Qxe5 32. Qxf7 1-0

[Event "Imperia op-A 50th"]
[Site "Imperia"]
[Date "2008.09.01"]
[Round "2"]
[White "Egartner, Wolfgang"]
[Black "Jirovsky, Milos"]
[Result "0-1"]
[WhiteElo "2141"]
[BlackElo "2492"]
[PlyCount "76"]
[EventDate "2008.08.31"]
[EventType "swiss"]
[EventRounds "9"]
[EventCountry "ITA"]
[SourceTitle "MCD"]
[Source "ChessBase"]
[SourceDate "1999.07.01"]
[SourceVersion "1"]
[SourceVersionDate "1999.07.01"]
[SourceQuality "1"]

1. d4 d5 2. c4 e6 3. Nf3 Nf6 4. g3 Be7 5. Bg2 0-0 6. 0-0 Nbd7 7. Nbd2 c6 8. b3 b6 9. Bb2 Bb7 10. Qc2 Rc8 11. Rac1 Qc7 12. cxd5 Nxd5 13. Nc4 Rfd8 14. Qb1 Qb8 15. e4 N5f6 16. e5 Nd5 17. Nfd2 b5 18. Ne3 Nxe3 19. fxe3 Nxe5 20. dxe5 Rxd2 21. Bc3 Rd7 22. Rxf7 c5 23. Bxb7 Qxb7 24. Rcf1 b4 25. Bb2 Bg5 26. R7f3 Rd2 27. e4 Be7 28. Bc1 Re2 29. Re3 Rxe3 30. Bxe3 c4 31. bxc4 Rxc4 32. Qb3 Qc6 33. Bxa7 Rc3 34. Qd1 Ra3 35. Bd4 Qxe4 36. Rf4 Qd5 37. Qc1 Rxa2 38. Bf2 h6 0-1

[Event "Imperia op-A 50th"]
[Site "Imperia"]
[Date "2008.08.31"]
[Round "1"]
[White "Dolezal, Radoslav"]
[Black "Egartner, Wolfgang"]
[Result "1/2-1/2"]
[WhiteElo "2445"]
[BlackElo "2141"]
[PlyCount "83"]
[EventDate "2008.08.31"]
[EventType "swiss"]
[EventRounds "9"]
[EventCountry "ITA"]
[SourceTitle "MCD"]
[Source "ChessBase"]
[SourceDate "1999.07.01"]
[SourceVersion "1"]
[SourceVersionDate "1999.07.01"]
[SourceQuality "1"]

1. d4 d5 2. Nf3 c6 3. e3 Bf5 4. c4 e6 5. Nc3 Nf6 6. Qb3 Qc7 7. Nh4 Bg6 8. Nxg6 hxg6 9. h3 Nbd7 10. Bd2 Be7 11. Be2 a6 12. Rc1 Rc8 13. Bf3 Qb8 14. 0-0 0-0 15. Rfd1 b5 16. cxd5 cxd5 17. a4 b4 18. Na2 a5 19. Be2 Ne4 20. Ba6 Rxc1 21. Nxc1 Ndc5 22. dxc5 Nxc5 23. Qa2 Nxa6 24. Nb3 Qb6 25. e4 dxe4 26. Be3 Qc7 27. Qb1 Rd8 28. Rc1 Qe5 29. Bb6 Rd5 30. Nxa5 Rxa5 31. Bxa5 Qxa5 32. Rc8+ Kh7 33. Qxe4 Nc5 34. Qf3 Qxa4 35. Qxf7 Qd1+ 36. Kh2 Bd6+ 37. g3 Qd4 38. Kg2 Qd5+ 39. Kg1 Qd1+ 40. Kg2 Qd5+ 41. Kg1 Qd1+ 42. Kg2 1/2-1/2

[Event "AUT-chT2W 0405"]
[Site "Austria"]
[Date "2005.03.06"]
[Round "11.3"]
[White "Doskocil, Klaus"]
[Black "Egartner, Wolfgang"]
[Result "1-0"]
[WhiteElo "2219"]
[BlackElo "2128"]
[PlyCount "85"]
[EventDate "2004.10.16"]
[EventType "team-tourn"]
[EventRounds "11"]
[EventCountry "AUT"]
[SourceTitle "EXT 2005"]
[Source "ChessBase"]
[SourceDate "2004.11.15"]
[SourceVersion "1"]
[SourceVersionDate "2004.11.15"]
[SourceQuality "1"]
[WhiteTeam "Lustenau"]
[BlackTeam "Reutte"]
[WhiteTeamCountry "AUT"]
[BlackTeamCountry "AUT"]

1. e4 c6 2. d4 d5 3. f3 dxe4 4. fxe4 e5 5. Nf3 Be6 6. c3 Nd7 7. Bd3 Qc7 8. 0-0 0-0-0 9. Qe2 f6 10. Be3 Kb8 11. a4 h5 12. Na3 Nh6 13. Kh1 Ng4 14. Bg1 Bd6 15. d5 Bf7 16. b4 Ka8 17. dxc6 Qxc6 18. Nb5 Bb8 19. c4 Nf8 20. c5 Ne6 21. g3 Bg6 22. Nh4 Bh7 23. Nc3 Ng5 24. b5 Qd7 25. Rfd1 Nh3 26. Bc4 Qc8 27. c6 Nxg1 28. Kxg1 bxc6 29. Rac1 Qc7 30. Rxd8 Qb6+ 31. Kh1 Rxd8 32. bxc6 Bc7 33. h3 Ne3 34. Bd5 Qd4 35. Nf3 Qc5 36. Qb2 Rb8 37. Nb5 Qb6 38. Qf2 Nxd5 39. exd5 Qa5 40. d6 Bb6 41. Qe2 Bf5 42. c7 Rh8 43. d7 1-0

[Event "Baden VLN 0203"]
[Site "Baden"]
[Date "2003.05.04"]
[Round "9.2"]
[White "Geyer, Bernhard"]
[Black "Egartner, Wolfgang"]
[Result "1-0"]
[WhiteElo "2110"]
[BlackElo "2137"]
[PlyCount "43"]
[EventDate "2002.10.13"]
[EventType "team-tourn"]
[EventRounds "9"]
[EventCountry "GER"]
[SourceTitle "EXT 2022"]
[Source "ChessBase"]
[SourceDate "2021.10.06"]
[SourceVersion "1"]
[SourceVersionDate "2021.10.06"]
[SourceQuality "1"]
[WhiteTeam "Ladenburg"]
[BlackTeam "Neckargemuend"]
[WhiteTeamCountry "GER"]
[BlackTeamCountry "GER"]

1. e4 c5 2. b3 b6 3. Bb2 Bb7 4. Nc3 e6 5. Nf3 Be7 6. Nb5 Nf6 7. e5 Ng4 8. Nd6+ Bxd6 9. exd6 0-0 10. h3 Nf6 11. d4 Ne4 12. Be2 Na6 13. 0-0 Rc8 14. Ne5 Nxd6 15. dxc5 Qg5 16. c6 Bxc6 17. Nxc6 Rxc6 18. Bxa6 b5 19. Ba3 Rxa6 20. Bxd6 Rc8 21. Re1 Rc3 22. Be5 1-0

[Event "AUT-chT2S 0102"]
[Site "Austria"]
[Date "2001.10.07"]
[Round "2.6"]
[White "Kastner, Walter"]
[Black "Egartner, Wolfgang"]
[Result "1-0"]
[WhiteElo "2273"]
[BlackElo "2178"]
[PlyCount "133"]
[EventDate "2001.11.10"]
[EventType "team"]
[EventRounds "11"]
[EventCountry "AUT"]
[SourceTitle "EXT 2003"]
[Source "ChessBase"]
[SourceDate "2002.11.25"]
[SourceVersion "1"]
[SourceVersionDate "2002.11.25"]
[SourceQuality "1"]

1. Nf3 d5 2. g3 c6 3. Bg2 Bg4 4. 0-0 e6 5. b3 Nd7 6. Bb2 Ngf6 7. d3 Be7 8. Nbd2 0-0 9. h3 Bxf3 10. Nxf3 Qc7 11. c4 Rfe8 12. Rc1 a5 13. cxd5 exd5 14. Nd4 Bf8 15. e3 g6 16. Re1 a4 17. Re2 axb3 18. axb3 Qb6 19. Rb1 Bg7 20. Nf3 Qc7 21. b4 Qd6 22. Qb3 b6 23. Rc2 Rec8 24. Nd4 c5 25. Ne2 cxb4 26. Rxc8+ Rxc8 27. Bxf6 Nxf6 28. Qxb4 Qxb4 29. Rxb4 Rc6 30. Bf3 Kf8 31. Kg2 Ke7 32. Rb5 Rd6 33. g4 h6 34. h4 d4 35. Nxd4 Nd7 36. Nc6+ Ke6 37. d4 f5 38. Nd8+ Ke7 39. Nc6+ Kf6 40. gxf5 gxf5 41. Nb4 Ke6 42. Nd5 Bf6 43. Nf4+ Ke7 44. h5 Bg5 45. Rxf5 Bxf4 46. Rxf4 b5 47. Rg4 b4 48. Rg6 Rxg6+ 49. hxg6 Kf6 50. Be4 Nf8 51. Bc2 Nxg6 52. Kg3 Ne7 53. Kg4 Nc6 54. f4 Na5 55. e4 b3 56. e5+ Kf7 57. Be4 b2 58. Kh5 Nb3 59. d5 Nd2 60. Bg6+ Kf8 61. d6 b1Q 62. Bxb1 Nxb1 63. f5 Nd2 64. f6 Ke8 65. e6 Ne4 66. d7+ Kd8 67. f7 1-0

[Event "Imperia op-A 43rd"]
[Site "Imperia"]
[Date "2001.09.09"]
[Round "9.24"]
[White "Egartner, Wolfgang"]
[Black "Birens, Eric Andre"]
[Result "1-0"]
[WhiteElo "2178"]
[BlackElo "2050"]
[PlyCount "59"]
[EventDate "2001.09.02"]
[EventType "swiss"]
[EventRounds "9"]
[EventCountry "ITA"]
[SourceTitle "EXT 2024"]
[Source "ChessBase"]
[SourceDate "2023.10.10"]
[SourceVersion "1"]
[SourceVersionDate "2023.10.10"]
[SourceQuality "1"]

1. d4 Nf6 2. Nf3 c5 3. d5 g6 4. Nc3 Bg7 5. e4 d6 6. h3 0-0 7. Be2 Na6 8. 0-0 Nc7 9. a4 b6 10. Bf4 Bb7 11. Re1 a6 12. Bc4 Qd7 13. Qd3 Rad8 14. Rad1 Qc8 15. Qe3 Qd7 16. e5 Nfe8 17. Bh6 b5 18. axb5 axb5 19. e6 fxe6 20. dxe6 Qc8 21. Nd5 Nxd5 22. Bxd5 Nf6 23. Bxb7 Qxb7 24. Bxg7 Kxg7 25. Ng5 Rc8 26. Nf7 d5 27. Qh6+ Kg8 28. Re5 Rc6 29. Ng5 Qb6 30. Nxh7 1-0